LEADER 01024cam0-22003851i-450- 001 990003054690403321 005 20050923100605.0 035 $a000305469 035 $aFED01000305469 035 $a(Aleph)000305469FED01 035 $a000305469 100 $a20030910d1981----km-y0itay50------ba 101 0 $aita 102 $aIT 105 $ay-------001yy 200 1 $aEconomia del lavoro$eteorie e politiche$fRenato Brunetta 210 $aPadova$cMarsilio$d1981 215 $a516 p.$d21 cm 225 1 $aBiblioteca Marsilio$iEconomia$v12 676 $aG/2.10 676 $a331 700 1$aBrunetta,$bRenato$f<1950- >$088842 801 0$aIT$bUNINA$gRICA$2UNIMARC 901 $aBK 912 $a990003054690403321 952 $aCOLLEZ. 151 (12)$b16411$fFSPBC 952 $aG/2.10 BRU/N.A.$b8620$fSES 952 $aB-XII-3$b2670 dip.$fDDRC 952 $aXV S 40$b3483$fDTE 959 $aSES 959 $aDDRC 959 $aDTE 959 $aFSPBC 996 $aEconomia del lavoro$916534 997 $aUNINA LEADER 01443cam0-22004211i-450 001 990004651070403321 005 20180507102207.0 010 $a2-256-90169-6$b1. v. 010 $a2-256-90866-6$b2. v. 010 $a2-256-90898-4$b3. v. 035 $a000465107 100 $a19990604g19849999km-y0itay50------ba 101 0 $afre 102 $aFR 105 $ay-------001yy 200 1 $aVictor Hugo 210 $aParis$cMinard$d1984- 215 $av.$d20 cm 225 1 $a<>revue des lettres modernes 327 1 $a1.: Approches critiques contemporaines / textes réunis par Michel Grimaud. - 1984$a2.: Linguistique de la strophe et du vers / textes réunis par Benoit de Cornulier, Joëlle Gardes-Tamine et Michel Grimaud ; présentés par Michel Grimaud - 1988$a3.: Femmes / textes rèunis par Danièle Gasiglia-Laster. - 1991 517 1 $aApproches critiques contemporaines 517 1 $aLinguistique de la strophe et du vers 517 1 $aFemmes 610 0 $aHugo, Victor 676 $a843.8$v20$zita 702 1$aCornulier,$bBenoît : de 702 1$aTamine-Gardes,$bJoëlle 702 1$aGasiglia-Laster,$bDaniele 702 1$aGrimaud,$bMichel 801 0$aIT$bUNINA$gRICA$2UNIMARC 901 $aBK 912 $a990004651070403321 952 $aCOLL.437(1A)$fFLFBC 952 $aCOLL.437(1B)$fFLFBC 952 $aCOLL.437(1C)$fFLFBC 959 $aFLFBC 996 $aVictor Hugo$9306718 997 $aUNINA LEADER 01423aam 2200409I 450 001 9910709919103321 005 20151118015316.0 024 8 $aGOVPUB-C13-6c542ef4c9e0bc696c67e06e68738f02 035 $a(CKB)5470000002475079 035 $a(OCoLC)929878848 035 $a(EXLCZ)995470000002475079 100 $a20151118d1978 ua 0 101 0 $aeng 181 $2rdacontent 182 $2rdamedia 183 $2rdacarrier 200 10$aCollaborative reference program for paper $eReport no. 50G /$fR. G. Powell; E. B. Randall Jr.; J. Horlick 210 1$aGaithersburg, MD :$cU.S. Dept. of Commerce, National Institute of Standards and Technology,$d1978. 215 $a1 online resource 225 1 $aNBSIR ;$v78-1329 300 $a1978. 300 $aContributed record: Metadata reviewed, not verified. Some fields updated by batch processes. 300 $aTitle from PDF title page. 320 $aIncludes bibliographical references. 517 $aCollaborative reference program for paper 700 $aPowell$b R. G$01386938 701 $aHorlick$b J$01386491 701 $aPowell$b R. G$01386938 701 $aRandall$b E. B., Jr$01386939 712 02$aUnited States.$bNational Bureau of Standards. 801 0$bNBS 801 1$bNBS 801 2$bGPO 906 $aBOOK 912 $a9910709919103321 996 $aCollaborative reference program for paper$93436261 997 $aUNINA